000 00447 a2200121 4500
001 ART_50742
005 20260410162043.0
008 260409a
245 1 0 _aPrecisiones sobre el "acto en ciernes" en la Acción Declarativa de Certeza legislada en el Código Procesal Civil y Comercial de la Nación
100 1 _aStepanenko, Felipe C.
700 1 _aKarschenboim, Laura
773 0 _tImpuestos
_g- N°70 (feb. 2020)
_wREV45175
999 _c35122
_d35122